000 00515nam a2200181Ia 4500
005 20250923144515.0
008 008 250917s9999 xx 000 0 eng d
037 _aTextual
040 _aDSWL
_beng
_cDSWL
041 _aeng
_2eng
084 _qDSWL
100 _aTudor-Hart, Beatria
_9825583
245 0 _aToys , play and disciplin in childhood
_cby Beatria Tudor-Hart
260 _aLondon
_bRouteledge Kegan Paul
_c1955
300 _axii,180p.
942 _cTEXL
999 _c1439787
_d1439787